000 01676nam a22002771 4500
005 20050808122104.0
008 721219s1962 nyu | 00| f eng
010 _aB-346743-747
020 _a9788172237905
_c395.00
035 _aB-346743-747
037 _bAakar Books
040 _adpl
_bEnglish
082 _aN
100 _aDhondy, Farrukh
245 _aThe bikini murders:
_cby Farrukh Dhondy
_ba novel /
260 _aNoida
_bHarper-Collins Publishers India
_c2008
270 _aA-53, Sector-57, Noida
_bUttar Pradesh
_e201301
300 _a272p.
_c24 cm. (pbk)
942 _2ddc
_cEN
_hN
_mDHO
999 _c23887
_d23887